El bosque tropical : sobreexplotado y subutilizado /

Guardado en:
Autor Principal: Bene, J.C.
Autor Corporativo: International Development Research Centre (Canada)
Otros Autores: Beall, H.W., Côté, A.
Formato: Libro
Idioma:Spanish
Publicado: Bogotá : CONIF, 1978.
Series:Serie técnica / Corporación Nacional de Investigación y Fomento Forestal ; nº 5
IDRC ; 084s
Etiquetas: Agregar Etiqueta
Sin Etiquetas, Sea el primero en etiquetar este registro!
LEADER 00807nam a22002175a 4500
001 EEA.libagro003402
005 20190610110150.0
008 130809s1978####xxca##########000#0#spa#d
020 |z 0889362092 
082 0 4 |a 634.98 
100 1 |a Bene, J.C. 
245 1 0 |a El bosque tropical :  |b sobreexplotado y subutilizado /  |c J. G. Bene, H.W. Beall, A. Côté. 
260 |a Bogotá :  |b CONIF,  |c 1978. 
300 |a 51 p :  |b il. ;  |c 24 cm. 
490 1 |a Serie técnica / Corporación Nacional de Investigación y Fomento Forestal ;  |v nº 5 
490 1 |a IDRC ;  |v 084s 
500 |a Traducción de: Trees, food and people : land management in the tropics. 
700 1 |a Beall, H.W. 
700 1 |a Côté, A. 
710 2 |a International Development Research Centre (Canada) 
859 |a AR-BbBCA  |b BIB. AGRONOMIA  |h 634.98  |i B461  |p 1984/0115